| 000 | 00554nam a2200205 4500 | ||
|---|---|---|---|
| 999 |
_c8295 _d8295 |
||
| 001 | 21787 | ||
| 003 | BD-DhUAP | ||
| 005 | 20230525180522.0 | ||
| 008 | 230525b2022 bg a|||| |||| 001 0ceng d | ||
| 020 | _a9789845063746 | ||
| 040 |
_aBD-DhUAP _beng _eBD-DhUAP _cBD-DhUAP |
||
| 042 | _alcode | ||
| 082 |
_223 _a305.23 MUR |
||
| 100 | _aMurshed,Rubaiya. | ||
| 245 | 0 | 0 |
_aNobody's children / _cRubaiya Murshed. |
| 264 | 1 |
_aDhaka : _bUniversity Press Limited, _c2022. |
|
| 300 |
_axxiv, 267 pages _c22cm. |
||
| 650 |
_aChildren. _zBangladesh. |
||
| 942 |
_2ddc _cBK |
||